000 00522cas a22002177a 4500
001 35170
003 UA-OsUOA
005 20210324124238.0
007 ta
008 200511c9b un ||un ||p| 00| 0 ukrcdukr d
040 _aUA-OsUOA
_bukr
_cUA-OsUOA
_dUA-OsUOA
041 _aukr
080 _a330
090 _a330
099 _a21576
245 _aКонтракти
_bділовий тижневик
260 _aЛьвів
650 7 _2UDC
_a330 Економіка у цілму
942 _cMG
_2udc
955 _a0
999 _c307496
_d307496